[Event "38th World U20 ch"]
[Site "Yerevan ARM"]
[Date "1999.09.22"]
[Round "5.3"]
[White "Janssen, Ruud"]
[Black "Galkin, Alexander"]
[Result "0-1"]
[WhiteElo "2448"]
[BlackElo "2535"]
[EventDate "1999.09.18"]
[PlyCount "48"]

1.Nf3 d5 2.d4 c6 3.c4 e6 4.Nc3 dxc4 5.a4 Bb4 6.e3 b5 7.Bd2 a5 8.Rb1 Bd7 9.
Ne5 Nf6 10.g4 O-O 11.Bg2 Ra7 12.O-O Be8 13.g5 Nfd7 14.Nxc6 Nxc6 15.Bxc6 
Qxg5+ 16.Kh1 bxa4 17.e4 Qh4 18.Rg1 f6 19.Rg4 Qxf2 20.Rg3 Bxc3 21.bxc3 Bg6 
22.Be3 Qa2 23.Ra1 Qb2 24.Rg2 Qxc3 0-1

[Event "38th World U20 ch"]
[Site "Yerevan ARM"]
[Date "1999.09.22"]
[Round "5.4"]
[White "Iliushin, Alexei"]
[Black "Jenni, Florian"]
[Result "0-1"]
[WhiteElo "2527"]
[BlackElo "2399"]
[EventDate "1999.09.18"]
[PlyCount "210"]

1.d4 Nf6 2.c4 g6 3.Nc3 Bg7 4.Nf3 O-O 5.h3 d6 6.Bf4 c5 7.e3 Qa5 8.Qd2 cxd4 
9.exd4 e5 10.Be3 Nc6 11.Be2 exd4 12.Nxd4 Nxd4 13.Bxd4 Ne4 14.Nxe4 Qxd2+ 
15.Kxd2 Bxd4 16.Kc2 Bf5 17.Bd3 Rfd8 18.Rad1 Rac8 19.Kb1 d5 20.cxd5 Rxd5 
21.f3 Bg7 22.Bc2 Rcd8 23.Rxd5 Rxd5 24.Rc1 Rb5 25.b3 Rd5 26.Rd1 Rxd1+ 27.
Bxd1 Kf8 28.Be2 Ke7 29.Bc4 Bd7 30.a4 a6 31.Kc2 Bc6 32.Nc3 f5 33.Bg8 h6 34.
Kd3 Kd6 35.Ne2 g5 36.Nd4 Bd7 37.Bh7 Ke5 38.g4 fxg4 39.hxg4 Kf4 40.Be4 Bxd4
41.Kxd4 b6 42.Bd5 Be8 43.Kd3 Bg6+ 44.Ke2 a5 45.Kd2 Ke5 46.Bc4 Kd4 47.Bg8 
Be8 48.Be6 Bc6 49.Ke2 Bb7 50.Bc4 Ba8 51.Bg8 Bc6 52.Bf7 b5 53.axb5 Bxb5+ 
54.Kd2 Bd3 55.Be6 Bg6 56.Bg8 Be8 57.Ke2 Bb5+ 58.Kd2 Bc6 59.Ke2 Be8 60.Kd2 
Bg6 61.Be6 Ke5 62.Bc4 Kf4 63.Bd5 Be8 64.Kd3 Bb5+ 65.Kd2 Ba6 66.Bc6 Bf1 67.
Ke1 Bd3 68.Kd2 Bb1 69.Bb7 Bg6 70.Bd5 h5 71.gxh5 Bxh5 72.Ke2 Ke5 73.Bg8 Kf4
74.Bd5 Bg6 75.Kd2 Kg3 76.Ke3 Bc2 77.Bc4 Bb1 78.Bb5 Bf5 79.Bc4 Bh3 80.Bd5 
Bg2 81.Be4 Bh1 82.Bc6 Bg2 83.Be4 Bh3 84.Bd5 Bd7 85.Ke4 Bc8 86.Ke3 Bf5 87.
Bc4 Bg6 88.Bd5 Bh5 89.Ke2 Kf4 90.Kf2 Bg6 91.Ke2 Bb1 92.Kd2 Ba2 93.Kc3 a4 
94.Bc6 Bxb3 95.Kb4 Bd1 96.Be8 Bxf3 97.Bd7 Bd1 98.Ka3 Bc2 99.Kb4 Bf5 100.
Bxa4 g4 101.Bc6 g3 102.Bg2 Ke3 103.Kc3 Be4 104.Bh3 Kf2 105.Kd4 Bf5 0-1

[Event "38th World U20 ch"]
[Site "Yerevan ARM"]
[Date "1999.09.22"]
[Round "5.5"]
[White "Aronian, Levon"]
[Black "Pinski, Jan"]
[Result "1-0"]
[WhiteElo "2518"]
[BlackElo "2444"]
[EventDate "1999.09.18"]
[PlyCount "57"]

1.Nf3 Nc6 2.d4 d5 3.g3 Bf5 4.Bg2 e6 5.O-O Nb4 6.Na3 Be7 7.c3 Na6 8.Qb3 Qc8
9.c4 c6 10.Bg5 h6 11.Bxe7 Nxe7 12.Nd2 O-O 13.e4 dxe4 14.Nxe4 Rd8 15.Rad1 
Qc7 16.Qc3 Rac8 17.Nc2 Nb8 18.Qa3 b6 19.Ne3 Bh7 20.Nc3 Nf5 21.Nxf5 Bxf5 
22.Rfe1 a6 23.h3 Rd7 24.d5 exd5 25.cxd5 c5 26.d6 Qa7 27.Qa4 c4 28.Nd5 b5 
29.Ne7+ 1-0

[Event "38th World U20 ch"]
[Site "Yerevan ARM"]
[Date "1999.09.22"]
[Round "5.6"]
[White "Gershon, Alik"]
[Black "Lopez Martinez, Josep Manuel"]
[Result "1-0"]
[WhiteElo "2492"]
[BlackElo "2375"]
[EventDate "1999.09.18"]
[PlyCount "79"]

1.d4 Nf6 2.c4 e6 3.Nc3 Bb4 4.Qc2 O-O 5.a3 Bxc3+ 6.Qxc3 b6 7.Bg5 Bb7 8.e3 
d6 9.f3 Nbd7 10.Bd3 Rc8 11.b4 c5 12.dxc5 bxc5 13.b5 d5 14.cxd5 c4 15.Bc2 
Nxd5 16.Bxh7+ Kh8 17.Bxd8 Nxc3 18.Ba5 Nxb5 19.Bc2 Nc5 20.a4 Nd6 21.Rd1 Nf5
22.Kf2 Ba6 23.e4 Nh6 24.Rd6 Rb8 25.Bc3 Rfd8 26.Rxd8+ Rxd8 27.Ne2 Ng8 28.
Ke3 Nf6 29.h4 Bb7 30.h5 Bc6 31.Bd4 Bxa4 32.Bxa4 Nxa4 33.h6 Nb6 34.Nf4 e5 
35.Bxe5 Nbd7 36.Bc3 Rb8 37.g4 Rb3 38.Kd2 Kg8 39.Nd5 Nxd5 40.h7+ 1-0

[Event "38th World U20 ch"]
[Site "Yerevan ARM"]
[Date "1999.09.22"]
[Round "5.14"]
[White "Dervishi, Erald"]
[Black "Jakupovic, Neven"]
[Result "1-0"]
[WhiteElo "2496"]
[BlackElo "2263"]
[EventDate "1999.09.18"]
[PlyCount "65"]

1.e4 c6 2.d4 d5 3.Nc3 dxe4 4.Nxe4 Nd7 5.Ng5 Ngf6 6.Bd3 e6 7.N1f3 Bd6 8.Qe2
h6 9.Ne4 Nxe4 10.Qxe4 Qc7 11.Qg4 Kf8 12.O-O Nf6 13.Qh4 b6 14.Re1 Bb7 15.
Ne5 c5 16.c3 Ke7 17.Qh3 Rhe8 18.Bf4 Kf8 19.Bb5 Red8 20.Bxh6 cxd4 21.cxd4 
Bxe5 22.dxe5 Ne4 23.Bf4 Kg8 24.Rac1 Qe7 25.Bd3 Rd4 26.Bb1 f5 27.exf6 Qxf6 
28.Be3 Rd7 29.Rc4 Qf5 30.Qxf5 exf5 31.f3 Nd6 32.Rd4 Rf8 33.Bf4 1-0

[Event "38th World U20 ch"]
[Site "Yerevan ARM"]
[Date "1999.09.22"]
[Round "5.15"]
[White "Sargissian, Gabriel"]
[Black "Berg, Emanuel"]
[Result "0-1"]
[WhiteElo "2470"]
[BlackElo "2348"]
[EventDate "1999.09.18"]
[PlyCount "48"]

1.d4 f5 2.Bg5 c6 3.e3 Qb6 4.b3 g6 5.h4 Bg7 6.h5 h6 7.Bf4 g5 8.Bxb8 Rxb8 9.
Nd2 d6 10.c3 Nf6 11.Qc2 e5 12.dxe5 dxe5 13.e4 Nxe4 14.Nxe4 fxe4 15.Rh3 O-O
16.Re3 Be6 17.Rd1 Rf6 18.Rd6 Bxb3 19.axb3 Rxd6 20.Qxe4 Rf8 21.Nh3 Rfd8 22.
Bc4+ Kh8 23.f4 Rd1+ 24.Kf2 g4 0-1

[Event "38th World U20 ch"]
[Site "Yerevan ARM"]
[Date "1999.09.22"]
[Round "5.16"]
[White "Mallahi, Amir"]
[Black "Vuckovic, Bojan"]
[Result "0-1"]
[WhiteElo "2317"]
[BlackElo "2433"]
[EventDate "1999.09.18"]
[PlyCount "68"]

1.e4 c5 2.Nf3 d6 3.d4 cxd4 4.Nxd4 Nf6 5.Nc3 Nc6 6.f4 e5 7.Nf3 Be7 8.Bd3 
O-O 9.O-O a6 10.Kh1 Qc7 11.Qe1 Nb4 12.fxe5 dxe5 13.Qg3 Bd6 14.Bh6 Ng4 15.
Bxg7 Kxg7 16.h3 h5 17.hxg4 hxg4 18.Nh2 Rh8 19.Qf2 Rh6 20.g3 Be6 21.Kg2 
Rah8 22.Rh1 Bc5 23.Qe2 Qc8 24.Kf1 Rf6+ 25.Kg2 Rfh6 26.Kf1 Nc6 27.Qd2 Nd4 
28.Qg5+ Rg6 29.Qxe5+ Rf6+ 30.Kg2 Nf3 31.Qxf6+ Kxf6 32.Nxf3 gxf3+ 33.Kxf3 
Bg4+ 34.Kg2 Bh3+ 0-1

[Event "38th World U20 ch"]
[Site "Yerevan ARM"]
[Date "1999.09.22"]
[Round "5.17"]
[White "Matikozian, Andranik"]
[Black "Kidambi, Sundararajan"]
[Result "1-0"]
[WhiteElo "2427"]
[BlackElo "2334"]
[EventDate "1999.09.18"]
[PlyCount "67"]

1.e4 c6 2.d3 d5 3.Nd2 g6 4.Ngf3 Bg7 5.g3 e5 6.Bg2 Ne7 7.O-O O-O 8.Re1 Nd7 
9.Qe2 Qc7 10.exd5 cxd5 11.c4 Re8 12.cxd5 Nxd5 13.Nc4 b5 14.Nd4 bxc4 15.
Bxd5 Rb8 16.dxc4 Nf6 17.Bf3 exd4 18.Qxe8+ Nxe8 19.Rxe8+ Bf8 20.Bf4 Qd7 21.
Rae1 Kg7 22.Be5+ f6 23.Bxb8 Bb4 24.R1e6 d3 25.a3 Bf8 26.Bf4 Bb7 27.Bxb7 
Qxb7 28.b4 a5 29.c5 Qf3 30.c6 d2 31.Bxd2 Qd1+ 32.Be1 Qc1 33.b5 Bxa3 34.b6 
1-0

[Event "38th World U20 ch"]
[Site "Yerevan ARM"]
[Date "1999.09.22"]
[Round "5.18"]
[White "Williams, Simon"]
[Black "Rizouk, Aimen"]
[Result "1-0"]
[WhiteElo "2421"]
[BlackElo "2312"]
[EventDate "1999.09.18"]
[PlyCount "103"]

1.c4 e6 2.Nc3 d5 3.d4 Nf6 4.cxd5 exd5 5.Bg5 Be7 6.e3 O-O 7.Bd3 Nbd7 8.Nge2
Re8 9.Qc2 b6 10.Nb5 Ba6 11.Bf4 Bb4+ 12.Kf1 c5 13.Nc7 Bxd3 14.Qxd3 c4 15.
Qf5 g6 16.Qc2 a6 17.a3 Bf8 18.Nc3 b5 19.Qd1 Rb8 20.Nxe8 Qxe8 21.h3 Qe6 22.
Kg1 h6 23.h4 Nb6 24.Qf3 Ne4 25.Nxe4 dxe4 26.Qh3 Qd5 27.Kh2 Re8 28.Rhc1 Re6
29.Qg3 Qh5 30.Kg1 Bg7 31.b3 cxb3 32.Rab1 Nc4 33.Rxb3 Qd5 34.Rbc3 Rc6 35.
Qg4 Bf8 36.Be5 f5 37.Qf4 Qe6 38.g4 Kh7 39.h5 Qf7 40.Kh1 Re6 41.hxg6+ Rxg6 
42.Qxf5 Qe7 43.Bg3 Kg7 44.Rxc4 bxc4 45.Rxc4 Qe6 46.d5 Qxf5 47.gxf5 Rg5 48.
Rxe4 Rxf5 49.Ra4 Rxd5 50.Rxa6 Rd3 51.a4 Ra3 52.Kg2 1-0

[Event "38th World U20 ch"]
[Site "Yerevan ARM"]
[Date "1999.09.22"]
[Round "5.19"]
[White "Benkovic, Petar"]
[Black "Bakhtadze, Giorgi"]
[Result "1/2-1/2"]
[WhiteElo "2328"]
[BlackElo "2403"]
[EventDate "1999.09.18"]
[PlyCount "107"]

1.Nf3 d5 2.d4 Nf6 3.c4 c6 4.Nc3 e6 5.Bg5 Nbd7 6.cxd5 exd5 7.Qc2 Be7 8.e3 
O-O 9.Bd3 Re8 10.O-O Nf8 11.h3 Ng6 12.Bxf6 Bxf6 13.b4 Qd6 14.Rab1 Bd7 15.
a4 Bd8 16.Bf5 Bxf5 17.Qxf5 Nh4 18.Nxh4 Bxh4 19.b5 Bd8 20.Ne2 Bc7 21.g3 g6 
22.Qc2 Ba5 23.bxc6 bxc6 24.Rfc1 Rac8 25.Qc5 Qc7 26.Nf4 Bb6 27.Qc3 Qd8 28.
Qd3 Bc7 29.Ne2 Qd7 30.Kg2 Bd6 31.Qa6 Rc7 32.Rb3 Rec8 33.Rcb1 Qe7 34.Qd3 c5
35.dxc5 Rxc5 36.Rd1 Qc7 37.Nd4 Qa5 38.Ra1 Rc1 39.Rxc1 Rxc1 40.Ne2 Ra1 41.
Rc3 Rxa4 42.Rc8+ Kg7 43.Nc3 Rc4 44.Rxc4 dxc4 45.Qxc4 Qb4 46.Qd3 a5 47.f4 
Bc5 48.Kf3 Qb3 49.Qd2 Qc4 50.Qb2 Qf1+ 51.Ke4 Qc4+ 52.Kf3 Qb4 53.Qc2 Qc4 
54.Qb2 1/2-1/2

[Event "38th World U20 ch"]
[Site "Yerevan ARM"]
[Date "1999.09.22"]
[Round "5.22"]
[White "Pert, Nicholas"]
[Black "Labollita, Martin"]
[Result "1-0"]
[WhiteElo "2425"]
[BlackElo "2199"]
[EventDate "1999.09.18"]
[PlyCount "89"]

1.d4 Nf6 2.Nf3 e6 3.g3 b5 4.Bg2 Bb7 5.O-O Be7 6.Bg5 O-O 7.Qd3 a6 8.Nbd2 d5
9.Nb3 Nc6 10.c3 Rb8 11.Bxf6 Bxf6 12.Nc5 Bc8 13.b4 a5 14.a3 e5 15.dxe5 Nxe5
16.Nxe5 Bxe5 17.Bxd5 axb4 18.axb4 Qf6 19.Rac1 Rd8 20.Qf3 Qxf3 21.Bxf3 Bh3 
22.Rfe1 Rd2 23.Ne4 Rdd8 24.Red1 g6 25.Ng5 Be6 26.Nxe6 fxe6 27.Rd3 Kf7 28.
Bc6 Rd6 29.Be4 Rbb6 30.Kg2 Rbc6 31.Re3 Bf6 32.Bd3 Rb6 33.h4 Rdc6 34.Be4 
Rd6 35.Rh1 Kg7 36.h5 Rd8 37.hxg6 hxg6 38.Ra1 Bg5 39.f4 Be7 40.Bd3 Kf6 41.
Rh1 c5 42.g4 Bf8 43.bxc5 Rc6 44.Re5 Rd5 45.Be4 1-0

[Event "38th World U20 ch"]
[Site "Yerevan ARM"]
[Date "1999.09.22"]
[Round "5.23"]
[White "Hansen, Torbjorn Ringdal"]
[Black "Khamrakulov, Ibragim"]
[Result "0-1"]
[WhiteElo "2259"]
[BlackElo "2383"]
[EventDate "1999.09.18"]
[PlyCount "56"]

1.c4 Nf6 2.Nc3 g6 3.g3 d5 4.cxd5 Nxd5 5.Bg2 Nxc3 6.bxc3 Bg7 7.h4 h5 8.Nh3 
c6 9.Qb3 Na6 10.Ng5 O-O 11.Ba3 Nc7 12.Be4 Nd5 13.Bc2 a5 14.e4 Nc7 15.O-O 
Nb5 16.Bc1 a4 17.Qc4 Bf6 18.e5 Bxg5 19.hxg5 Be6 20.Qe2 Qd5 21.f4 Nd4 22.
cxd4 Qxd4+ 23.Qe3 Qxa1 24.f5 Qxa2 25.Bd3 Bc4 26.e6 Bxd3 27.Qxd3 Qb3 28.Qd4
Qxg3+ 0-1

[Event "38th World U20 ch"]
[Site "Yerevan ARM"]
[Date "1999.09.22"]
[Round "5.24"]
[White "Korstin, Maris"]
[Black "Starostits, Ilmars"]
[Result "0-1"]
[WhiteElo "2201"]
[BlackElo "2358"]
[EventDate "1999.09.18"]
[PlyCount "116"]

1.e4 c5 2.Nf3 d6 3.d4 cxd4 4.Nxd4 Nf6 5.f3 e5 6.Bb5+ Bd7 7.Bxd7+ Qxd7 8.
Nf5 d5 9.Bg5 d4 10.Bxf6 gxf6 11.O-O Nc6 12.Qe2 O-O-O 13.Rd1 Qe6 14.Nd2 Ne7
15.Nxe7+ Bxe7 16.Qc4+ Kb8 17.Qxe6 fxe6 18.Nb3 Rc8 19.Rac1 f5 20.c3 Bg5 21.
Rc2 fxe4 22.fxe4 Rhf8 23.g3 Rf3 24.Kg2 Re3 25.Rf2 Rxe4 26.cxd4 exd4 27.Kf3
Re5 28.Nxd4 Rd5 29.Ke4 Rcd8 30.h4 Bh6 31.Rf7 e5 32.Ne6 Rxd1 33.Nxd8 Rxd8 
34.Rxh7 Bc1 35.Re7 Rg8 36.Kf3 Bxb2 37.g4 Rf8+ 38.Kg2 Rf4 39.Kh3 Rf3+ 40.
Kg2 Rf4 41.Kh3 Ba3 42.Re8+ Kc7 43.g5 Bd6 44.h5 Rf8 45.Rxf8 Bxf8 46.Kg4 e4 
47.Kf4 Kd6 48.Kxe4 Ke6 49.a4 Be7 50.Kf4 Bb4 51.h6 Bd2+ 52.Kg4 a6 53.h7 Bc3
54.g6 Bg7 55.a5 Kf6 56.Kh5 Kf5 57.h8=Q Bxh8 58.Kh6 Ke6 0-1

[Event "38th World U20 ch"]
[Site "Yerevan ARM"]
[Date "1999.09.22"]
[Round "5.26"]
[White "Lipinsky, Fabian"]
[Black "Aranha Filho, Alvaro Zimmermann"]
[Result "1-0"]
[WhiteElo "2331"]
[BlackElo "2236"]
[EventDate "1999.09.18"]
[PlyCount "47"]

1.d4 d5 2.c4 Bf5 3.cxd5 Bxb1 4.Qa4+ c6 5.Rxb1 Qxd5 6.Nf3 Nd7 7.b4 Nb6 8.
Qc2 Nf6 9.e3 e6 10.Bd3 Be7 11.O-O a6 12.e4 Qd8 13.Rd1 h6 14.a4 Rc8 15.a5 
Nbd7 16.Qe2 Qc7 17.Bc2 e5 18.Bb2 Bd6 19.dxe5 Nxe5 20.Rxd6 Nxf3+ 21.Qxf3 
Qxd6 22.e5 Qd2 23.exf6 Qxc2 24.Qe3+ 1-0

[Event "38th World U20 ch"]
[Site "Yerevan ARM"]
[Date "1999.09.22"]
[Round "5.27"]
[White "Budnikov, Oleg"]
[Black "Leskiewicz, Maksymilian"]
[Result "1-0"]
[WhiteElo "2331"]
[BlackElo "2206"]
[EventDate "1999.09.18"]
[PlyCount "79"]

1.e4 c5 2.Nf3 e6 3.d3 Nc6 4.g3 d5 5.Nbd2 g6 6.Bg2 Bg7 7.O-O Nge7 8.Re1 O-O
9.h4 b5 10.a4 b4 11.Nf1 dxe4 12.dxe4 Qxd1 13.Rxd1 Ba6 14.Rb1 Rad8 15.Be3 
Nd4 16.Bxd4 cxd4 17.Ne1 e5 18.Nd3 Bxd3 19.cxd3 Bh6 20.Bh3 Rd6 21.Nh2 Rc6 
22.Bd7 Rc7 23.Bb5 Ra8 24.Rf1 f5 25.exf5 gxf5 26.Rfe1 Rc5 27.Nf3 Bg7 28.
Nxd4 exd4 29.Rxe7 Re5 30.Rb7 Kf8 31.Rc1 Re7 32.Rxe7 Kxe7 33.Rc7+ Kf6 34.f4
a5 35.h5 Rf8 36.Bc4 h6 37.Ra7 Bh8 38.Kf2 Bg7 39.Rxa5 Re8 40.Ra7 1-0

[Event "38th World U20 ch"]
[Site "Yerevan ARM"]
[Date "1999.09.22"]
[Round "5.28"]
[White "Petrosian, Davit Gevorgi"]
[Black "Brulic, Denis"]
[Result "1-0"]
[WhiteElo "2309"]
[BlackElo "2121"]
[EventDate "1999.09.18"]
[PlyCount "59"]

1.e4 c5 2.g3 Nc6 3.Bg2 g6 4.d3 Bg7 5.f4 d6 6.Nf3 Qd7 7.c3 f5 8.O-O Nf6 9.
Re1 O-O 10.Nbd2 Rb8 11.Qb3+ Kh8 12.Ng5 h6 13.Ngf3 e6 14.a4 b6 15.Nc4 Ne8 
16.Qc2 a6 17.Be3 Qc7 18.Bf2 b5 19.axb5 axb5 20.Ncd2 Nf6 21.h3 Nd7 22.d4 
Bb7 23.d5 exd5 24.exd5 Nd8 25.Nh4 Kh7 26.Re7 Nf7 27.Nxg6 Kxg6 28.Qxf5+ 
Kxf5 29.Be4+ Kf6 30.Re6# 1-0

[Event "38th World U20 ch"]
[Site "Yerevan ARM"]
[Date "1999.09.22"]
[Round "5.33"]
[White "Fantin, Ludwig"]
[Black "Atakisi, Umut"]
[Result "0-1"]
[WhiteElo "2184"]
[BlackElo "2238"]
[EventDate "1999.09.18"]
[PlyCount "106"]

1.e4 c5 2.Nf3 d6 3.d4 cxd4 4.Nxd4 Nf6 5.Nc3 Nc6 6.Bc4 Qb6 7.Nxc6 bxc6 8.
O-O e6 9.Qe2 Nd7 10.b3 Be7 11.Be3 Qc7 12.f4 O-O 13.Rae1 Bf6 14.Nd1 a5 15.
a4 Bb7 16.Nf2 d5 17.Bd3 Bc3 18.Rd1 e5 19.exd5 cxd5 20.fxe5 Nxe5 21.Bf4 
Rfe8 22.Qh5 g6 23.Qh3 Qc5 24.Bb5 Re6 25.Kh1 Bd4 26.Rxd4 Qxd4 27.Bxe5 Rxe5 
28.Ng4 f5 29.Nxe5 Qxe5 30.Qh4 d4 31.Re1 Be4 32.Bc6 Rf8 33.h3 Kg7 34.Kg1 
Rc8 35.Bxe4 Re8 36.Qg5 fxe4 37.Qxe5+ Rxe5 38.Kf2 Kf6 39.Rd1 Rd5 40.c3 Ke5 
41.cxd4+ Rxd4 42.Rb1 Rd2+ 43.Kf1 Ra2 44.Rc1 Kd4 45.Rc4+ Kd3 46.Rc1 e3 47.
Rd1+ Rd2 48.Re1 Rf2+ 49.Kg1 Rf7 50.g4 Kd2 51.Ra1 e2 52.Ra2+ Ke3 53.Ra1 Rd7
0-1

[Event "38th World U20 ch"]
[Site "Yerevan ARM"]
[Date "1999.09.23"]
[Round "6.1"]
[White "Gershon, Alik"]
[Black "Asrian, Karen"]
[Result "0-1"]
[WhiteElo "2492"]
[BlackElo "2575"]
[EventDate "1999.09.18"]
[PlyCount "66"]

1.d4 d5 2.c4 e6 3.Nc3 Nf6 4.cxd5 exd5 5.Bg5 Be7 6.e3 O-O 7.Qc2 Nbd7 8.Bd3 
c6 9.Nf3 Re8 10.O-O Nf8 11.Ne5 Ng4 12.Bxe7 Qxe7 13.Nxg4 Bxg4 14.Rae1 Bh5 
15.f4 f6 16.f5 Bf7 17.Qf2 Rad8 18.a3 a6 19.Qf4 c5 20.Re2 b5 21.Rf3 c4 22.
Bc2 Qd6 23.Qh4 h6 24.Rg3 Nh7 25.Rf2 Ng5 26.Ne2 b4 27.a4 Re7 28.Nf4 Rde8 
29.Re2 b3 30.Bb1 c3 31.bxc3 Qa3 32.Nd3 Qa1 33.Re1 Re4 0-1

[Event "38th World U20 ch"]
[Site "Yerevan ARM"]
[Date "1999.09.23"]
[Round "6.2"]
[White "Galkin, Alexander"]
[Black "Jenni, Florian"]
[Result "1-0"]
[WhiteElo "2535"]
[BlackElo "2399"]
[EventDate "1999.09.18"]
[PlyCount "51"]

1.e4 e5 2.Nf3 Nc6 3.Bb5 a6 4.Ba4 Nf6 5.O-O Be7 6.Re1 b5 7.Bb3 O-O 8.c3 d5 
9.exd5 Nxd5 10.Nxe5 Nxe5 11.Rxe5 c6 12.Bxd5 cxd5 13.d4 Bd6 14.Re3 Qh4 15.
h3 g5 16.Qf3 Be6 17.Qf6 Rfe8 18.Nd2 Be7 19.Qe5 h6 20.g4 Rad8 21.Qh2 Bxg4 
22.hxg4 Qxg4+ 23.Qg2 Qd1+ 24.Nf1 g4 25.Rxe7 Rxe7 26.Bxh6 1-0

[Event "38th World U20 ch"]
[Site "Yerevan ARM"]
[Date "1999.09.23"]
[Round "6.6"]
[White "Svetuschin, Dumitru"]
[Black "Halkias, Stelios"]
[Result "1-0"]
[WhiteElo "2486"]
[BlackElo "2406"]
[EventDate "1999.09.18"]
[PlyCount "88"]

1.e4 c5 2.Nf3 Nc6 3.d4 cxd4 4.Nxd4 Qc7 5.Nb5 Qb8 6.c4 Nf6 7.N5c3 e6 8.Be3 
b6 9.Be2 Bc5 10.Qd2 O-O 11.O-O Bb7 12.f4 d6 13.Bxc5 bxc5 14.Na3 Nd4 15.Bd3
Qc7 16.Rae1 Rad8 17.Nc2 d5 18.cxd5 exd5 19.e5 Ne4 20.Qc1 Nxc2 21.Qxc2 f5 
22.exf6 Nxf6 23.Na4 c4 24.b3 Kh8 25.bxc4 dxc4 26.Qxc4 Qa5 27.Qb5 Qd2 28.
Qxb7 Qxd3 29.Qb4 Rb8 30.Qc3 Qb5 31.Nc5 Rbc8 32.Re5 Rf7 33.Qd2 h6 34.Ne6 
Qc4 35.Qe2 Qb4 36.f5 Ng4 37.Re4 Qb6+ 38.Nd4 Nf6 39.Rh4 Re8 40.Qb5 Qd6 41.
Ne6 Qd2 42.Qb3 Rd7 43.Rh3 Rc8 44.Rhf3 Ne4 1-0

[Event "38th World U20 ch"]
[Site "Yerevan ARM"]
[Date "1999.09.23"]
[Round "6.7"]
[White "Chibukhchian, Artur"]
[Black "Blehm, Pawel"]
[Result "1/2-1/2"]
[WhiteElo "2413"]
[BlackElo "2479"]
[EventDate "1999.09.18"]
[PlyCount "90"]

1.d4 Nf6 2.c4 g6 3.Nc3 Bg7 4.Nf3 d6 5.Bg5 O-O 6.e3 Nbd7 7.Be2 c6 8.Qc2 h6 
9.Bh4 e5 10.O-O Qe7 11.Rfd1 g5 12.Bg3 Nh5 13.Bd3 Nxg3 14.hxg3 Nb6 15.b4 f5
16.dxe5 dxe5 17.e4 f4 18.c5 fxg3 19.fxg3 Nd7 20.Bc4+ Kh8 21.Rd6 Nf6 22.
Rad1 Bg4 23.R1d3 Ne8 24.Nh2 Nxd6 25.cxd6 Qd7 26.Nxg4 Qxg4 27.d7 Bf6 28.Qb3
Bd8 29.Bf7 Bb6+ 30.Kh2 Rad8 31.Rd6 Bf2 32.Ne2 Kg7 33.Be8 Rdxe8 34.dxe8=Q 
Rxe8 35.Qf3 Qxf3 36.gxf3 Re7 37.g4 Be3 38.Ng3 Bf4 39.Kg2 Bxg3 40.Kxg3 Rc7 
41.Re6 c5 42.bxc5 Rxc5 43.Re7+ Kf6 44.Rxb7 Ra5 45.Rb2 Ra3 1/2-1/2

[Event "38th World U20 ch"]
[Site "Yerevan ARM"]
[Date "1999.09.23"]
[Round "6.8"]
[White "Gaprindashvili, Valerian"]
[Black "Naumann, Alexander"]
[Result "1/2-1/2"]
[WhiteElo "2390"]
[BlackElo "2478"]
[EventDate "1999.09.18"]
[PlyCount "85"]

1.d4 Nf6 2.c4 g6 3.g3 Bg7 4.Bg2 O-O 5.Nc3 d6 6.Nf3 Nbd7 7.O-O e5 8.e4 exd4
9.Nxd4 Re8 10.Re1 Nc5 11.h3 Bd7 12.Rb1 h6 13.Kh2 a6 14.f4 Rb8 15.b4 Ne6 
16.Nxe6 Bxe6 17.Nd5 b5 18.cxb5 axb5 19.Bb2 Nxd5 20.Bxg7 Kxg7 21.exd5 Bf5 
22.Rc1 Rxe1 23.Qxe1 Rb7 24.g4 Bd7 25.Qc3+ Qf6 26.Kg3 Ra7 27.a3 Qxc3+ 28.
Rxc3 f6 29.Be4 Kf7 30.Kh4 g5+ 31.Kg3 Kg7 32.h4 gxh4+ 33.Kxh4 f5 34.Bf3 
fxg4 35.Bxg4 Bxg4 36.Kxg4 Kf6 37.f5 h5+ 38.Kf4 h4 39.Rh3 Ra8 40.Rxh4 Rxa3 
41.Rh6+ Kg7 42.Re6 Rc3 43.Kg5 1/2-1/2

[Event "38th World U20 ch"]
[Site "Yerevan ARM"]
[Date "1999.09.23"]
[Round "6.9"]
[White "Matikozian, Andranik"]
[Black "Iliushin, Alexei"]
[Result "0-1"]
[WhiteElo "2427"]
[BlackElo "2527"]
[EventDate "1999.09.18"]
[PlyCount "64"]

1.Nf3 c5 2.g3 Nc6 3.Bg2 g6 4.O-O Bg7 5.d3 d6 6.e4 e6 7.c3 Nge7 8.Nh4 O-O 
9.f4 f5 10.Be3 Rb8 11.a4 b6 12.Na3 a6 13.Bf2 b5 14.axb5 axb5 15.e5 dxe5 
16.fxe5 b4 17.Nc4 bxc3 18.bxc3 Nxe5 19.Bxc5 Rb5 20.Ba3 Nf7 21.d4 Re8 22.
Nf3 Nd5 23.Nfe5 Nxc3 24.Nxf7 Kxf7 25.Qd3 Bxd4+ 26.Kh1 Rd5 27.Bxd5 Qxd5+ 
28.Rf3 Nb5 29.Rf1 Bb7 30.Nd2 Rc8 31.Bb4 Bc3 32.Ne4 Qxd3 0-1

[Event "38th World U20 ch"]
[Site "Yerevan ARM"]
[Date "1999.09.23"]
[Round "6.10"]
[White "Williams, Simon"]
[Black "Dervishi, Erald"]
[Result "0-1"]
[WhiteElo "2421"]
[BlackElo "2496"]
[EventDate "1999.09.18"]
[PlyCount "70"]

1.c4 e6 2.Nc3 d5 3.d4 Nf6 4.cxd5 exd5 5.Bg5 Be7 6.e3 O-O 7.Bd3 Nbd7 8.Nge2
Re8 9.Qc2 Nf8 10.O-O c6 11.f3 Ng6 12.e4 dxe4 13.fxe4 Be6 14.Bd2 Rc8 15.a3 
c5 16.d5 c4 17.dxe6 Qb6+ 18.Kh1 Qxe6 19.Ng3 cxd3 20.Qxd3 Bd6 21.Nf5 Bb8 
22.Rae1 Ng4 23.Qh3 N6e5 24.Nd5 Rc2 25.Bc3 Nf2+ 26.Rxf2 Rxf2 27.Qg3 Rxf5 
28.exf5 Qxd5 29.f6 g6 30.Qg5 Re6 31.Bb4 Bd6 32.Rc1 Bxb4 33.axb4 Qd8 34.b3 
Qxf6 35.Qh6 Re8 0-1

[Event "38th World U20 ch"]
[Site "Yerevan ARM"]
[Date "1999.09.23"]
[Round "6.11"]
[White "Lopez Martinez, Josep Manuel"]
[Black "Janssen, Ruud"]
[Result "1/2-1/2"]
[WhiteElo "2378"]
[BlackElo "2448"]
[EventDate "1999.09.18"]
[PlyCount "72"]

1.Nf3 c5 2.c4 Nc6 3.Nc3 Nd4 4.e3 Nxf3+ 5.Qxf3 g6 6.b3 Bg7 7.Bb2 d6 8.g3 
Rb8 9.Bg2 Nf6 10.h3 b5 11.Nd5 bxc4 12.Nxf6+ Bxf6 13.Bxf6 exf6 14.Qe4+ Be6 
15.bxc4 O-O 16.O-O Rb4 17.d3 d5 18.Qh4 dxc4 19.a3 Ra4 20.Bc6 Ra5 21.dxc4 
Qd3 22.Qxf6 Qxc4 23.h4 Bf5 24.e4 Bh3 25.Bd5 Qa6 26.Qxa6 Rxa6 27.Rfc1 Ra5 
28.Rc3 Rc8 29.Rb1 Rc7 30.f3 Bd7 31.Kf2 h5 32.Ke3 Kf8 33.Kf4 Ke7 34.g4 hxg4
35.fxg4 Be6 36.Bxe6 Kxe6 1/2-1/2

[Event "38th World U20 ch"]
[Site "Yerevan ARM"]
[Date "1999.09.23"]
[Round "6.12"]
[White "Berg, Emanuel"]
[Black "Pinski, Jan"]
[Result "0-1"]
[WhiteElo "2348"]
[BlackElo "2444"]
[EventDate "1999.09.18"]
[PlyCount "56"]

1.e4 e5 2.Nf3 Nc6 3.d4 exd4 4.Nxd4 Bc5 5.Be3 Qf6 6.c3 Qg6 7.Nd2 Nf6 8.f3 
d5 9.Bb5 Qxg2 10.Rg1 Qxh2 11.Qb3 O-O 12.O-O-O dxe4 13.Rh1 Qe5 14.Nc4 Qe7 
15.Bxc6 bxc6 16.Bg5 Bxd4 17.Rxd4 Qe6 18.Qa3 Qf5 19.f4 h6 20.Ne3 Qg6 21.Rd2
Nd5 22.Bxh6 Nxe3 23.Bg5 Bh3 24.Rxh3 Ng4 25.Rd1 Nf2 26.Rdh1 Nxh3 27.Rxh3 f6
28.Bh4 Qg1+ 0-1

[Event "38th World U20 ch"]
[Site "Yerevan ARM"]
[Date "1999.09.23"]
[Round "6.15"]
[White "Vajda, Levente"]
[Black "Budnikov, Oleg"]
[Result "1-0"]
[WhiteElo "2462"]
[BlackElo "2331"]
[EventDate "1999.09.18"]
[PlyCount "83"]

1.e4 g6 2.d4 Nf6 3.Nc3 d5 4.e5 Nh5 5.f4 Ng7 6.Nf3 c6 7.Be2 Bg4 8.Be3 Nd7 
9.Qd2 Nf5 10.Bf2 Bxf3 11.Bxf3 h5 12.g3 e6 13.Ne2 Qb6 14.O-O Qxb2 15.a4 Qb6
16.a5 Qc7 17.c4 dxc4 18.Rfc1 Bh6 19.Rxc4 O-O 20.Nc3 Rfd8 21.Qe2 Ne7 22.Nb5
Qb8 23.Nd6 Nf8 24.Rb1 Rxd6 25.exd6 Qxd6 26.Rxb7 Bg7 27.Qb2 Qd8 28.Qa3 Nf5 
29.Rbb4 Rc8 30.Qa4 Qd6 31.Rb7 h4 32.a6 hxg3 33.hxg3 Ne7 34.Qb4 c5 35.dxc5 
Qd3 36.Qb3 Qd8 37.c6 Nf5 38.c7 Qd6 39.Kg2 Qxa6 40.Rb8 Nd6 41.Rxc8 Qxc8 42.
Qb8 1-0

[Event "38th World U20 ch"]
[Site "Yerevan ARM"]
[Date "1999.09.23"]
[Round "6.16"]
[White "Mchedlishvili, Mikheil"]
[Black "Lipinsky, Fabian"]
[Result "1-0"]
[WhiteElo "2441"]
[BlackElo "2331"]
[EventDate "1999.09.18"]
[PlyCount "62"]

1.d4 d5 2.Nf3 Nf6 3.c4 c6 4.e3 e6 5.Bd3 Nbd7 6.O-O Bd6 7.Nc3 dxc4 8.Bxc4 
b5 9.Bd3 O-O 10.e4 e5 11.Bg5 exd4 12.Nxd4 Ne5 13.Bc2 b4 14.Na4 Ba6 15.Re1 
h6 16.Bh4 Ng6 17.Bg3 Bxg3 18.hxg3 Qd6 19.Nf5 Qe5 20.f4 Qa5 21.e5 Rad8 22.
Nd6 Ne8 23.Rc1 Nxd6 24.exd6 Bb5 25.Nc5 Qb6 26.Bxg6 fxg6 27.d7 b3 28.axb3 
Kh7 29.Re7 Rg8 30.Qd4 a6 31.Rce1 a5 1-0

[Event "38th World U20 ch"]
[Site "Yerevan ARM"]
[Date "1999.09.23"]
[Round "6.17"]
[White "Starostits, Ilmars"]
[Black "Peralta, Fernando"]
[Result "1-0"]
[WhiteElo "2358"]
[BlackElo "2433"]
[EventDate "1999.09.18"]
[PlyCount "115"]

1.e4 c5 2.Nf3 e6 3.Nc3 a6 4.a4 Nc6 5.g3 e5 6.Bg2 g6 7.d3 Bg7 8.Nd5 d6 9.
O-O Nge7 10.Bg5 h6 11.Be3 O-O 12.Nd2 Be6 13.Nc4 f5 14.c3 g5 15.Ncb6 Bxd5 
16.Nxd5 Nxd5 17.exd5 Ne7 18.a5 Qd7 19.Qa4 Qc8 20.Bd2 f4 21.Qe4 Qd7 22.Bf3 
Kh8 23.Qe2 Qc7 24.g4 b5 25.axb6 Qxb6 26.c4 Rfb8 27.Bc3 Bf6 28.Be4 Kg7 29.
Ra3 Ng8 30.Rfa1 Bd8 31.R1a2 Nf6 32.Bf5 Qb7 33.Qd1 Ra7 34.h3 Rba8 35.Ra4 a5
36.R4a3 Bb6 37.Qe1 Qc7 38.Ra1 Qd8 39.Kg2 Qc7 40.Qd2 Qd8 41.Rh1 Qc7 42.h4 
Rh8 43.hxg5 hxg5 44.Rxh8 Kxh8 45.Ra1 Kg7 46.Rh1 Ra8 47.Qd1 a4 48.Rh3 Qf7 
49.Qh1 Rf8 50.Rh6 Rb8 51.Kf3 Rf8 52.Rh7+ Nxh7 53.Qxh7+ Kf6 54.Qh6+ Ke7 55.
Bxe5 dxe5 56.Qxb6 Rd8 57.d6+ Ke8 58.d7+ 1-0